000 00368nam a22001457a 4500
020 _a978-93-87-33-1174
082 _a894.812.3
100 _aPADMARAJAN
245 _aKAIVRIYUDE THEKKE ATTOM
_bKALPPANIKATHAYUM BRAMATHMAKATHAYUM EZHA VHERUNNA KATHAKAL
260 _aAYYANTHOLE
_bGREEN BOOKS
_c2017
300 _a112
520 _aNOVEL
650 _aNOVEL
942 _cBK
999 _c5117
_d5117